000 00530nam a2200169 i 4500
001 26699
003 ES-MaACL
005 20250830010208.0
007 t|
008 030110s1902 sp ||||1| spa d
110 2 _aAmigos de la Enseñanza.
_bAsamblea Nacional
_d(1901.
_cMadrid)
_9157513
245 1 0 _aAsamblea Nacional de los Amigos de la Enseñanza
_b: Las sesiónes.
260 _aMadrid :
_b[s.n.],
_c1902 (
_fImp. de J. Corrales)
300 _a74 p. ;
_c16 cm.
852 _aES-MaACL
_jT-1061-F-3
999 _c26699
_d26699